La vie de Christophe Colomb / (Record no. 33289)
[ view plain ]
| 000 -CABECERA | |
|---|---|
| campo de control de longitud fija | 00790nam a2200241 a 4500 |
| 001 - NÚMERO DE CONTROL | |
| campo de control | 000033798 |
| 005 - FECHA Y HORA DE LA ÚLTIMA TRANSACCIÓN | |
| campo de control | 20240313182404.0 |
| 008 - DATOS DE LONGITUD FIJA--INFORMACIÓN GENERAL | |
| campo de control de longitud fija | 110912s1889 fr 000 0bfre d |
| 040 ## - FUENTE DE LA CATALOGACIÓN | |
| Centro catalogador/agencia de origen | DO-SdBNP |
| Lengua de catalogación | spa |
| Centro/agencia transcriptor | BNPHU |
| 041 07 - CÓDIGO DE LENGUA | |
| Código de lengua del texto/banda sonora o título independiente | fr |
| 082 ## - NÚMERO DE LA CLASIFICACIÓN DECIMAL DEWEY | |
| Número de clasificación | 923.9 |
| Número de documento/Ítem | C719ca |
| 049 ## - FONDOS LOCALES (OCLC) | |
| Fondos de biblioteca | BNPD |
| 100 1# - ENTRADA PRINCIPAL--NOMBRE DE PERSONA | |
| Nombre de persona | Cadoret, Eugéne, |
| Fechas asociadas al nombre | 1823- |
| 9 (RLIN) | 59218 |
| 245 13 - MENCIÓN DE TÍTULO | |
| Título | La vie de Christophe Colomb / |
| Mención de responsabilidad, etc. | Eugéne Cadoret. |
| 260 ## - PUBLICACIÓN, DISTRIBUCIÓN, ETC. | |
| Lugar de publicación, distribución, etc. | París, Francia : |
| Nombre del editor, distribuidor, etc. | Librairie Internationale, |
| Fecha de publicación, distribución, etc. | 1889. |
| 300 ## - DESCRIPCIÓN FÍSICA | |
| Extensión | 416 p. ; |
| Dimensiones | 19 cm. |
| 546 ## - NOTA DE LENGUA/LENGUAJE | |
| Nota de lengua/lenguaje | Francés |
| 600 #0 - PUNTO DE ACCESO ADICIONAL DE MATERIA--NOMBRE DE PERSONA | |
| Nombre de persona | COLÓN, CRISTOBAL, |
| Fechas asociadas al nombre | 1436-1456 |
| 9 (RLIN) | 19795 |
| 600 14 - PUNTO DE ACCESO ADICIONAL DE MATERIA--NOMBRE DE PERSONA | |
| Nombre de persona | COLÓN, CRISTÓBAL |
| Fechas asociadas al nombre | 1451-1506 |
| Subdivisión general | VIAJES |
| 9 (RLIN) | 18590 |
| 650 #4 - PUNTO DE ACCESO ADICIONAL DE MATERIA--TÉRMINO DE MATERIA | |
| Término de materia o nombre geográfico como elemento de entrada | Exploradores |
| Subdivisión geográfica | América |
| Subdivisión general | Biografías |
| 9 (RLIN) | 24585 |
| 650 #4 - PUNTO DE ACCESO ADICIONAL DE MATERIA--TÉRMINO DE MATERIA | |
| Término de materia o nombre geográfico como elemento de entrada | América |
| Subdivisión general | Descubrimiento y exploraciones |
| 9 (RLIN) | 20820 |
| 910 ## - DATOS DE OPCIÓN DEL USUARIO (OCLC) | |
| Datos de opción del usuario | Validado. Control de calidad EMS |
| Estado de retiro | Estado de pérdida | Restricciones de uso | No para préstamo | Código de colección | Localización permanente | Ubicación/localización actual | Ubicación en estantería | Fecha de adquisición | Número de inventario | Total de préstamos | Signatura topográfica completa | Código de barras | Fecha visto por última vez | Precio válido a partir de | Tipo de ítem Koha | Nota pública |
|---|---|---|---|---|---|---|---|---|---|---|---|---|---|---|---|---|
| Excluido de préstamo | Raros y valiosos | Patrimonio Dominicano | Patrimonio Dominicano | Depósito | 12.09.2011 | LF1 | 923.9 C719ca | 33798-10 | 25.06.2020 | 25.06.2020 | No se presta | Dedicado por el autor | ||||
| Monografías: Libros y Folletos | Patrimonio Dominicano | Patrimonio Dominicano | Orden iniciada | 12.09.2011 | LF1 | 923.9 C719ca | 33799-10 | 25.06.2020 | 25.06.2020 | No se presta |
